| 000 | 004840000a22001930004500 | ||
|---|---|---|---|
| 020 | _a84-30-1074-X | ||
| 041 | 0 | _aSPA | |
| 082 | 0 | 4 | _aG 301 M9381t |
| 100 | 1 | _aMoya, Carlos | |
| 245 | 1 | 0 | _aTeoría sociológica : Una introducción crítica / Carlos Moya |
| 250 | _a2 | ||
| 260 | _aMadrid, España : Taurus | ||
| 300 | _a234 Pag | ||
| 001 | 9242 | ||
| 942 | _cBK | ||
| 999 |
_c39304 _d39304 |
||
| 336 |
_atexto _btxt _2rdacontent |
||
| 337 |
_2rdamedia _asin mediación _bn |
||
| 338 |
_2rdacarrier _avolumen _bnc |
||